| 000 | 00968nam a2200289 i 4500 | ||
|---|---|---|---|
| 001 | 000046111 | ||
| 003 | DO-SdBNP | ||
| 005 | 20250808092633.0 | ||
| 007 | ta | ||
| 008 | 150623s2001 dr 001 0 spa d | ||
| 020 | _a9993467030 | ||
| 040 |
_aDO-SdBNP _bspa _cBNPHU _erda |
||
| 041 | _aspa | ||
| 082 | 4 |
_axxx _bxxx _222 |
|
| 100 | 1 |
_aJorge Blanco, Salvador, _d1926-2010 _eautor _4aut. _930551 |
|
| 245 | 1 | 0 |
_aDerechos humanos y libertades públicas / _cSalvador Jorge Blanco ; prólogo, Eduardo Jorge Prats. |
| 264 | 1 |
_aSanto Domingo : _bEdiciones Capeldom, _c2001. |
|
| 300 |
_axiv, 502 páginas ; _c24 cm. |
||
| 336 |
_atexto _btxt _2rdacontent |
||
| 337 |
_asin mediación _bn _2rdamedia |
||
| 338 |
_avolumen _bnc _2rdacarrier |
||
| 500 | _aIncluye índices | ||
| 500 | _aIncluye referencias bibliográficas y notas al pie de las páginas | ||
| 590 | _aInventariado, 2025/BT | ||
| 700 | 1 |
_aJorge Prats, Eduardo, _eprologuista _917747 _4pr. |
|
| 942 |
_2ddc _cLBS1 |
||
| 999 |
_c45600 _d45600 |
||